000 00294nam a22001217a 4500
008 170216b xxu||||| |||| 00| 0 eng d
041 _aeng
080 _24TH
_a615
100 _a5
101 _aSHF
245 _aANTIPLATELET & ANTITHROMBOTIC PRESCRIBING GUIDE
_cGLAXOSMITHKLINE
942 _2udc
_cBK
999 _c5708
_d5708